书目信息 |
| 题名: |
百病良方
|
|
| 作者: | 贾河先 , 邱运梨 编著 | |
| 分册: | 第四集 | |
| 出版信息: | 重庆 科学技术文献出版社重庆分社 1989.5 |
|
| 页数: | 250页 | |
| 开本: | 19cm | |
| 丛书名: | ||
| 单 册: | ||
| 中图分类: | R24 | |
| 科图分类: | 62.2 | |
| 主题词: | 中医学--临床学 , 中医治疗法 , 方书 | |
| 电子资源: | ||
| ISBN: | 7-5023-0397-9 | |
| 000 | 00758nam0 2200277 450 | |
| 001 | 0189001990 | |
| 005 | 20130329124847.0 | |
| 010 | @a7-5023-0397-9@dCNY2.85 | |
| 011 | @a7-5023-0397-9 | |
| 100 | @a20130329d1989 m y0chiy0110 ea | |
| 101 | 0 | @achi |
| 102 | @aCN@b510000 | |
| 105 | @ay z 000yy | |
| 106 | @ar | |
| 200 | 1 | @a百病良方@9Bai;Bo Bing Liang Fang @f贾河先,邱运梨编著@h第四集 |
| 210 | @a重庆@c科学技术文献出版社重庆分社@d1989.5 | |
| 215 | @a250页@d19cm | |
| 606 | 0 | @a中医学@x临床学 |
| 606 | 0 | @a中医治疗法 |
| 606 | 0 | @a方书 |
| 690 | @aR24@v1980 | |
| 692 | @a62.2@v1974 | |
| 701 | 0 | @a贾河先@9jia he xian@f(1934~)@4编著 |
| 701 | 0 | @a邱运梨@9qiu yun li@4编著 |
| 801 | 0 | @aCN@b91MARC@c20130904 |
| 905 | @aBZT@dR24@e47@f1@sR24/47 | |
| 百病良方/贾河先,邱运梨编著.第四集.-重庆:科学技术文献出版社重庆分社,1989.5 |
| 250页;19cm |
| ISBN 7-5023-0397-9:CNY2.85 |
| ● |
| 相关链接 |
|
|
|
正题名:百病良方
索取号:R24/47
 
预约/预借
| 序号 | 登录号 | 条形码 | 馆藏地/架位号 | 状态 | 备注 |
| 1 | 2000145768 | 2000145768 | 旧书回溯/ [索取号:R24/47] | 在馆 |